General Legal Council Ghana School of Law Enrolment of New Lawyers (Periodical) (Record no. 5879)

MARC details
000 -LEADER
fixed length control field 00535nam a22001697a 4500
003 - CONTROL NUMBER IDENTIFIER
control field OSt
005 - DATE AND TIME OF LATEST TRANSACTION
control field 20260108110214.0
008 - FIXED-LENGTH DATA ELEMENTS--GENERAL INFORMATION
fixed length control field 260108b |||||||| |||| 00| 0 eng d
041 ## - LANGUAGE CODE
Language code of text/sound track or separate title English
082 ## - DEWEY DECIMAL CLASSIFICATION NUMBER
Classification number PER/GLC/19 Acc No. 094
110 ## - MAIN ENTRY--CORPORATE NAME
Corporate name or jurisdiction name as entry element Ghana School Of Law
245 ## - TITLE STATEMENT
Title General Legal Council Ghana School of Law Enrolment of New Lawyers (Periodical)
260 ## - PUBLICATION, DISTRIBUTION, ETC.
Place of publication, distribution, etc. Accra:
Name of publisher, distributor, etc. University of Ghana,
Date of publication, distribution, etc. 2019.
300 ## - PHYSICAL DESCRIPTION
Extent 64p.: pics,
653 ## - INDEX TERM--UNCONTROLLED
Uncontrolled term Ghana School Of Law
942 ## - ADDED ENTRY ELEMENTS (KOHA)
Source of classification or shelving scheme Dewey Decimal Classification
Koha item type Periodicals
Suppress in OPAC No
Holdings
Withdrawn status Lost status Source of classification or shelving scheme Damaged status Not for loan Home library Current library Shelving location Date acquired Total checkouts Full call number Date last seen Price effective from Koha item type
    Dewey Decimal Classification     Main Library Main Library Open Shelves 08/01/2026   Acc No. 094 08/01/2026 08/01/2026 Periodicals
©2026  Parliament of Ghana Library - All rights reserved